Cơ học
Sách được biên soạn theo học phần của mỗi môn học/cấp học, theo đúng số tiết quy định phục vụ yêu cầu bồi dưỡng đồng thời có phần hưỡng dẫn ôn tập, kiểm tra...
Gorde:
| Egile nagusia: | |
|---|---|
| Formatua: | Liburua |
| Hizkuntza: | Undetermined |
| Argitaratua: |
Hà Nội
Bộ GD và ĐT
1995
|
| Gaiak: | |
| Etiketak: |
Etiketa erantsi
Etiketarik gabe, Izan zaitez lehena erregistro honi etiketa jartzen!
|
| Thư viện lưu trữ: | Trung tâm Học liệu Trường Đại học Cần Thơ |
|---|
| LEADER | 00741nam a2200193Ia 4500 | ||
|---|---|---|---|
| 001 | CTU_29315 | ||
| 008 | 210402s9999 xx 000 0 und d | ||
| 082 | |a 531.07 | ||
| 082 | |b Ph506 | ||
| 100 | |a Đào, Văn Phúc | ||
| 245 | 0 | |a Cơ học | |
| 245 | 0 | |c Đào Văn Phúc | |
| 260 | |a Hà Nội | ||
| 260 | |b Bộ GD và ĐT | ||
| 260 | |c 1995 | ||
| 520 | |a Sách được biên soạn theo học phần của mỗi môn học/cấp học, theo đúng số tiết quy định phục vụ yêu cầu bồi dưỡng đồng thời có phần hưỡng dẫn ôn tập, kiểm tra... | ||
| 650 | |a Mechanics | ||
| 904 | |i Minh | ||
| 980 | |a Trung tâm Học liệu Trường Đại học Cần Thơ | ||